01416nam a2200265Ia 450000100060000000300090000600800410001504000130005604000130006904100130008210000210009510000290011624000550014524000350020024500540023524500540028925000110034326000110035426000130036526000490037830000430042750006080047065000410107865000310111911728IT-RoPAU130308s9999 xx 000 0 und d aIT-RoPAU cIT-RoPAU aITALIANO aBaudrillard Jean gCodice Aut. SPICS: 9442 aPOUR UNE CRITIQUE DE L'ECONOMIE politique DU SIGNE gCodice Tit. Orig. Spics: T1136 aPer una critica della economia politica del segno bPer una Critica della Economia Politica del Segno a2a ed. aMILANO bMazzotta c1978 [1° Ed.:1974 - Ed.Ling.Originale:1972] a"232 p. (prefazione: no ; testo: 232)" aFunzione Segno e Logica di classe Pratica Differenziale degli Oggetti Logica della Segregazione Genesi ideologica dei Bisogni feticismo e Ideologia riduzione semiologica gestuale e firma Semiurgia dell'arte Contemporanea Aumento di prezzo dell'Opera d'arte Scambio Segno e Valore di Lusso Valore D'Uso Verso una Critica dell'Economia Politica del Segno Metafisica del Segno Miraggio del Referente Denotazione e Connotazione Simbolico Illusione cibernetica Design e Ambiente scalata dell'Economia Politica Crisi del funzionalismo Ambiente e cibernetica Realizzazione del Desiderio nel Valore di Scambio aPOLITICA DELLA COMUNICAZIONE SOCIALE eCodice materia Spics: 3803